LIBRARY & INFORMATION CENTRE, KCAET, TAVANUR

ONLINE PUBLIC ACCESS CATALOGUE (OPAC)

Forest engineering without tears / (Record no. 2808)

MARC details
000 -LEADER
fixed length control field 00437cam a2200181ua 4500
041 ## - LANGUAGE CODE
Language code of text/sound track or separate title eng
082 ## - DEWEY DECIMAL CLASSIFICATION NUMBER
Classification number 634.9
Item number MAS/FO
100 ## - MAIN ENTRY--AUTHOR NAME
Personal name Masani, N J .
245 ## - TITLE STATEMENT
Title Forest engineering without tears /
250 ## - EDITION STATEMENT
Edition statement 2 /
260 ## - PUBLICATION, DISTRIBUTION, ETC. (IMPRINT)
Place of publication Raipur :
Name of publisher Natraj publishers ,
Year of publication 1985.
300 ## - PHYSICAL DESCRIPTION
Number of Pages 434 ; .
942 ## - ADDED ENTRY ELEMENTS (KOHA)
Koha item type Books
Holdings
Withdrawn status Lost status Damaged status Home library Current library Date acquired Full call number Accession Number Koha item type
      KAUAET KAUAET 09/03/1987 634.9 15982 Books
free website counter